000 00436nam a2200181Ia 4500
001 19894
005 20260306172726.0
008 260306t2021||||xx |||||||||||||| ||spa||
041 _aESP
082 _a341.4
_bC25
100 _aCanale, Damiano,
_eAUT
245 0 _aLa justificación de la decisión judicial
260 _c2021
300 _a225 páginas :
_c20 cm.
650 _aGEN
654 _aCDE
942 _cLIB
_dJUS
_fJUS
_2ddc
_n
999 _c19894
_d19894